000 00662nam a2200241 i 4500
001 C2-0334009
003 PPAK
005 20180728133911.0
008 151011s2014 enka|||| ||||| | eng d
020 _a9781406359084
040 _aPPAK
_beng
_cPPAK
_erda
082 0 4 _a823
_223
090 0 0 _a823
_bBRO
_dK
100 1 _aBrowne, Eileen,
_eauthor
245 1 0 _aHanda's surprise
264 1 _aLondon :
_bWalker Books ,
_c2014
300 _a[26] pages :
_bcolour illustrations ;
_c26 cm + 1 DVD
336 _2rdacontent
_atext
337 _2rdamedia
_aunmediated
338 _2rdacarrier
_avolume
650 1 0 _aChildren's stories, English
942 _ddc
_cB
999 _c132509
_d132509